| 000 | 00779cam a22002535a 4500 | ||
|---|---|---|---|
| 001 | 016621781 | ||
| 003 | OSt | ||
| 005 | 20161127150746.0 | ||
| 008 | 140129t2014 enka frb 001 0 eng d | ||
| 020 | _a9781473704732 | ||
| 040 |
_aStDuBDS _beng _cStDuBDS _dEG-ScBUE |
||
| 082 | 0 | 4 |
_a612.8 _222 _bKAL |
| 100 | 1 | _aKalat, James W., | |
| 245 | 1 | 0 |
_aBiological psychology / _cJames W. Kalat. |
| 250 | _a11th ed., Cengage Learning ed. | ||
| 260 |
_aHampshire : _bCengage Learning, _cc.2014. |
||
| 300 |
_a1 v. (Various pagings) : _bill. ; _c25 cm. |
||
| 504 | _aIncludes bibliographical references and index. | ||
| 650 | 7 |
_aNeuropsychology _vTextbooks. _2BUEsh |
|
| 650 | 7 |
_aPsychobiology _vTextbooks. _2BUEsh |
|
| 651 | _2BUEsh | ||
| 653 |
_bHHUUPPSS _cNovember2016 |
||
| 942 | _2ddc | ||
| 999 |
_c23363 _d23335 |
||